| 000 -CABECERA |
| fixed length control field |
01123nam a22002177a 4500 |
| 003 - IDENTIFICADOR DEL NÚMERO DE CONTROL |
| control field |
AR-CdUCM |
| 008 - DATOS DE LONGITUD FIJA--INFORMACIÓN GENERAL |
| fixed length control field |
190222b ||||| |||| 00| 0 spa d |
| 040 ## - FUENTE DE LA CATALOGACIÓN |
| Agencia/entidad que catalogó originalmente la obra |
MUNICIPALIDAD PROVINCIAL DEL CUSCO |
| Entidad que transcribió la catalogación |
BIBLIOTECA MUNICIPAL DEL CUSCO |
| 082 ## - NÚMERO DE LA CLASIFICACIÓN DECIMAL DEWEY |
| No. de Clasificación |
985.7 / |
| Notacion interna |
O74 |
| 100 ## - ENTRADA PRINCIPAL--NOMBRE DE PERSONA |
| Nombre Personal |
Ortiz, O. F. M., P. Dionisio |
| 245 ## - MENCIÓN DE TÍTULO |
| Título |
Alto Ucayali y Pachitea : |
| Resto del título |
Visión histórica de dos importantes regiónes de la selva peruana / |
| Mención de responsabilidad |
Ortiz, O. F. M., P. Dionisio |
| 260 ## - PUBLICACIÓN, DISTRIBUCIÓN, ETC. |
| Lugar de publicación, distribución, etc. |
Lima : |
| Nombre de la editorial, distribuidor, etc. |
Ed. San António, |
| Fecha de publicación, distribución, etc. |
1974. |
| 300 ## - DESCRIPCIÓN FÍSICA |
| Nº de Páginas Extensión |
2 tomos ; |
| Otros detalles físicos |
ilustraciones, mapas, |
| Dimensiones |
24 cm. |
| 505 ## - NOTA DE CONTENIDO CON FORMATO |
| Nota de contenido formateada |
Contenido : t. 1 : Primeros avances de los misioneros franciscanos hacia la selva -- Nueva entrada a la montaña de Pangoa -- Segunda entrada de los Cunibos del Alto Ucayali --Descubrimiento de la pampa del Sacramento -- t.2 : La revolución Cervantina -- Visión del alto Ucayali -- las religiosas franciscanas -- Potencial económico del Alto Ucayali ... |
| 650 ## - PUNTO DE ACCESO ADICIONAL DE MATERIA--TÉRMINO DE MATERIA |
| Descriptor |
Ríos de la Amazonia. |
| 9 (RLIN) |
898 |
| 650 ## - PUNTO DE ACCESO ADICIONAL DE MATERIA--TÉRMINO DE MATERIA |
| Descriptor |
Franciscanos. |
| 9 (RLIN) |
899 |
| 650 ## - PUNTO DE ACCESO ADICIONAL DE MATERIA--TÉRMINO DE MATERIA |
| Descriptor |
Misiones. |
| 9 (RLIN) |
900 |
| 650 ## - PUNTO DE ACCESO ADICIONAL DE MATERIA--TÉRMINO DE MATERIA |
| Descriptor |
Estudios amazónicos |
| 9 (RLIN) |
901 |
| 942 ## - ELEMENTOS DE PUNTO DE ACCESO ADICIONAL (KOHA) |
| Fuente de clasificación |
|
| Tipo de item |
Libros-BMC |
| 945 ## - PROCESAMIENTO DE INFORMACIÓN LOCAL (OCLC) |
| Catalogador |
achl |
| AAAA-MM-DD - Fecha de ingreso o modificacion |
2019-02-22 |